Statistics for California Teams in All Sports

Click here to take the quiz!

General Stats

  • This quiz has been taken 40 times
  • The average score is 13 of 15

Answer Stats

HintAnswer% Correct
American FootballLos Angeles Rams
100%
BasketballLos Angeles Lakers
98%
BasketballGolden State Warriors
95%
BasketballLos Angeles Clippers
95%
American FootballSan Francisco 49ers
95%
American FootballLos Angeles Chargers
93%
BaseballLos Angeles Dodgers
93%
BaseballLos Angeles Angels
90%
HockeyLos Angeles Kings
90%
BaseballSan Diego Padres
88%
BaseballSan Francisco Giants
85%
BaseballOakland Athletics
80%
HockeySan Jose Sharks
73%
HockeyAnaheim Ducks
68%
BasketballSacramento
68%

Score Distribution

Percentile by Number Answered

Percent of People with Each Score

Your Score History

You have not taken this quiz